00000000nam 2200000zi 4500
0019.922199
003CaOODSP
00520230503105019
006m     o  d f      
007cr |n ||||||||
008230503t20022002oncb    ob   f|0| 0|fre d
040 |aCaOODSP|bfre|erda|cCaOODSP
041 |afre|aeng
043 |an-cn---
0861 |aEn56-173/2002-PDF
24500|aSea ice climatic atlas, northern Canadian waters, 1971-2000 = |bAtlas climatique des glaces de mer, eaux du nord canadien, 1971-2000 / |cCanadian Ice Service / Service canadien des glaces.
24611|aAtlas climatique des glaces de mer, eaux du nord canadien, 1971-2000
264 1|a[Ottawa] : |bEnvironment Canada = Environnement Canada, |c2002.
264 4|c©2002
300 |a1 ressource en ligne (1 volume (pagination multiple)) : |bcartes
336 |atexte|btxt|2rdacontent/fre
337 |ainformatique|bc|2rdamedia/fre
338 |aressource en ligne|bcr|2rdacarrier/fre
504 |aComprend des références bibliographiques (pages 47-48).
546 |aTexte en français et en anglais.
650 6|aGlace de mer|zCanada (Nord)|vAtlas.
655 7|aAtlas|2rvmgf
7101 |aCanada.|bEnvironnement Canada. |bService canadien des glaces, |eorganisme de publication.
7760#|tAtlas climatique des glaces de mer : eaux du nord canadien. 1971-2000 |w(CaOODSP)9.663782
791 |tSea ice climatic atlas, northern Canadian waters, 1971-2000 = |eeng|w(CaOODSP)9.922196
85640|qPDF|s49.18 Mo|uhttps://publications.gc.ca/collections/collection_2023/eccc/En56-173-2002.pdf